[Event "Wch U12"]
[Site "Batumi"]
[Date "2016.10.27"]
[Round "8"]
[White "Eynullayev, Atilla Elshan"]
[Black "Wang, Brandon Mingye"]
[Result "1/2-1/2"]
[WhiteElo "1963"]
[BlackElo "1844"]
[PlyCount "101"]
[EventDate "2016.10.19"]
[EventType "swiss"]
[EventRounds "11"]
[EventCountry "GEO"]
[SourceTitle "EXT 2018"]
[Source "ChessBase"]
[SourceDate "2017.10.13"]
[SourceVersion "1"]
[SourceVersionDate "2017.10.13"]
[SourceQuality "1"]

1. e4 c6 2. Nf3 d5 3. Nc3 dxe4 4. Nxe4 Bf5 5. Ng3 Bg6 6. h4 h6 7. Ne5 Qd6 8. Nxg6 Qxg6 9. d4 Qd6 10. Be3 e6 11. Qd2 Nf6 12. 0-0-0 Nbd7 13. Bf4 Qb4 14. Qd3 Bd6 15. Bxd6 Qxd6 16. Kb1 0-0-0 17. Be2 Kb8 18. Rhe1 Qc7 19. Qb3 Nb6 20. Bf3 Rd7 21. Ne4 Nxe4 22. Bxe4 Rhd8 23. c3 Nd5 24. g3 Ka8 25. Qc2 Qb6 26. Bxd5 Rxd5 27. Qh7 Rf5 28. Re2 Qb5 29. Rc2 Qd5 30. Qxg7 Qf3 31. Rcd2 Rf6 32. Qh7 Rg6 33. h5 Rf6 34. Qd3 Qxh5 35. Qe4 Rxf2 36. Kc2 Rxd2+ 37. Rxd2 Rg8 38. Rg2 Rg4 39. Qf3 Qg6+ 40. Kc1 f5 41. Qe3 f4 42. Qe5 a6 43. Qd6 Qh5 44. Qf8+ Ka7 45. Rh2 Qb5 46. gxf4 Rg1+ 47. Kc2 Qa4+ 48. Kd3 Qd1+ 49. Kc4 Qf1+ 50. Kb3 Qb5+ 51. Kc2 1/2-1/2

[Event "Wch U12"]
[Site "Batumi"]
[Date "2016.10.23"]
[Round "5"]
[White "Wang, Brandon Mingye"]
[Black "Manafov, Vugar Gulam"]
[Result "1/2-1/2"]
[WhiteElo "1844"]
[BlackElo "2016"]
[PlyCount "160"]
[EventDate "2016.10.19"]
[EventType "swiss"]
[EventRounds "11"]
[EventCountry "GEO"]
[SourceTitle "EXT 2018"]
[Source "ChessBase"]
[SourceDate "2017.10.13"]
[SourceVersion "1"]
[SourceVersionDate "2017.10.13"]
[SourceQuality "1"]

1. d4 d6 2. Nf3 g6 3. c4 Bg7 4. Nc3 Nd7 5. g3 e5 6. Bg2 Ne7 7. 0-0 0-0 8. dxe5 dxe5 9. Qc2 c6 10. Rd1 Qc7 11. Rb1 Nc5 12. b4 Ne6 13. e3 f5 14. b5 e4 15. Ne1 Nc5 16. f3 exf3 17. Nxf3 Ne4 18. Nxe4 fxe4 19. Nd4 Bg4 20. Re1 Bxd4 21. exd4 Bf3 22. bxc6 bxc6 23. Ba3 Rf7 24. Rf1 Qd7 25. Bc5 Raf8 26. Rbe1 Bxg2 27. Rxf7 Rxf7 28. Qxg2 e3 29. Rxe3 Nf5 30. Re4 Qb7 31. Re8+ Kg7 32. Qe2 Qb1+ 33. Kg2 Qc1 34. Qe5+ Kh6 35. Bf8+ Ng7 36. Bxg7+ Rxg7 37. Qe3+ Qxe3 38. Rxe3 Rd7 39. Re4 Kg5 40. Kf3 Rb7 41. Re6 Rb6 42. h4+ Kf5 43. Re7 Rb4 44. Re5+ Kf6 45. Rc5 Rb6 46. a4 Ke6 47. a5 Rb3+ 48. Ke4 Kd6 49. Rg5 Rc3 50. h5 gxh5 51. Rxh5 Rxc4 52. Rh6+ Kd7 53. Rxh7+ Kd6 54. Rh5 Rc3 55. g4 Rg3 56. Rg5 Rg1 57. Rg6+ Kd7 58. Kf5 Rf1+ 59. Ke4 a6 60. g5 Ra1 61. Rg8 Rxa5 62. g6 Rg5 63. Kf4 Rg1 64. Kf5 Rf1+ 65. Ke5 Re1+ 66. Kf6 Rf1+ 67. Kg7 Rf4 68. Ra8 Rxd4 69. Rxa6 Kd6 70. Ra7 c5 71. Kf8 Rf4+ 72. Rf7 Rg4 73. g7 Kd5 74. g8Q Rxg8+ 75. Kxg8 c4 76. Rf3 Kd4 77. Kf7 c3 78. Ke6 c2 79. Rf1 Kd3 80. Kd5 Kd2 1/2-1/2

[Event "Wch U12"]
[Site "Batumi"]
[Date "2016.10.20"]
[Round "2"]
[White "Csiki, Endre"]
[Black "Wang, Brandon Mingye"]
[Result "1/2-1/2"]
[WhiteElo "2051"]
[BlackElo "1844"]
[PlyCount "73"]
[EventDate "2016.10.19"]
[EventType "swiss"]
[EventRounds "11"]
[EventCountry "GEO"]
[SourceTitle "EXT 2018"]
[Source "ChessBase"]
[SourceDate "2017.10.13"]
[SourceVersion "1"]
[SourceVersionDate "2017.10.13"]
[SourceQuality "1"]

1. e4 c6 2. c4 d5 3. cxd5 cxd5 4. exd5 Nf6 5. Qa4+ Nbd7 6. Nc3 g6 7. Nf3 Bg7 8. Bc4 0-0 9. 0-0 Nb6 10. Qb3 Nxc4 11. Qxc4 e6 12. dxe6 Bxe6 13. Qh4 Qd3 14. Ne5 Qd6 15. d4 Nh5 16. Be3 f6 17. Nd3 f5 18. d5 Bxc3 19. dxe6 Bf6 20. Qc4 Rfe8 21. e7+ Kg7 22. Bc5 Qc7 23. Rac1 b6 24. Bb4 Qxc4 25. Rxc4 a5 26. Ba3 b5 27. Rc7 b4 28. Bxb4 axb4 29. Nxb4 Rxe7 30. Rxe7+ Bxe7 31. Nd5 Bc5 32. b4 Bd4 33. Nc7 Rxa2 34. Ne6+ Kf6 35. Nxd4 Rb2 36. b5 Nf4 37. Rc1 1/2-1/2

[Event "New York State-ch 138th"]
[Site "Colonie"]
[Date "2016.09.03"]
[Round "1"]
[White "Zeltsah, Joseph"]
[Black "Wang, Brandon Mingye"]
[Result "1-0"]
[WhiteElo "2254"]
[BlackElo "2107"]
[PlyCount "37"]
[EventDate "2016.09.02"]
[EventType "swiss"]
[EventRounds "6"]
[EventCountry "USA"]
[SourceTitle "CBM 174 Extra"]
[Source "ChessBase"]
[SourceDate "2016.10.10"]
[SourceVersion "1"]
[SourceVersionDate "2016.10.10"]
[SourceQuality "1"]

1. e4 c5 2. Nf3 d6 3. d4 cxd4 4. Nxd4 Nf6 5. Nc3 g6 6. Be3 Bg7 7. f3 0-0 8. Qd2 Nc6 9. 0-0-0 d5 10. Qe1 e6 11. h4 Nxd4 12. Bxd4 dxe4 13. Nxe4 Nd5 14. Bxg7 Kxg7 15. c4 Qc7 16. Kb1 Ne7 17. h5 f5 18. Nd6 gxh5 19. Qg3+ 1-0